| 000 | 01319nam a2200361 i 4500 | ||
|---|---|---|---|
| 001 | 194929 | ||
| 003 | SpMaBN | ||
| 005 | 20240527153832.0 | ||
| 007 | ta | ||
| 008 | 240522q19401944sp j spa | ||
| 016 | 7 |
_abimoBNE19981663747 _zIND9200363304 _2SpMaBN |
|
| 035 | _a(OCoLC)733443375 | ||
| 035 | _abimo0000921325 | ||
| 040 |
_aSpMaBN _bspa _cA2 _dSpMaBN _eES-MaACL |
||
| 080 | _a821.113.4-32"18" | ||
| 100 | 1 |
_aGjellerup, Karl, _d1857-1919 _0XX949461 _9236550 |
|
| 245 | 1 | 3 |
_aEl peregrino Camanita : _buna gran novela completa / _cCarlos Gjellerup. |
| 260 |
_aMadrid : _bDédalo, _c[entre 1940 y 1944] |
||
| 300 |
_a43 p. ; _c32 cm |
||
| 336 |
_2rdacontent _atexto |
||
| 337 |
_2rdamedia _asin mediación |
||
| 338 |
_2rdacarrier _avolumen |
||
| 490 | 1 | _aNovelas y cuentos | |
| 500 | _atraducción de: Pilgrimen Kamanita | ||
| 594 | _aTítulo original: Pilgrimen Kamanita | ||
| 773 |
_0194867 _9202503 _gG-15982 _aObras encuadernadas juntas |
||
| 830 |
_9236505 _aNovelas y cuentos (Dédalo) |
||
| 852 |
_aES-MaACL _cDEPO2 _jG-15982(14) _hLegado: Juan Antonio Porto _xEncuadernado con otras obras formando un volumen facticio _9202503 |
||
| 942 |
_n0 _cFOLLETOS |
||
| 999 |
_c194929 _d194929 |
||